Statistics for Counting to 10 Around the World (Extreme Difficulty)

Click here to take the quiz!

General Stats

  • This quiz has been taken 22 times
  • The average score is 28 of 120

Answer Stats

Continent and LanguageAnswer% Correct
2de
69%
Europe: Danish 1en
63%
2to
63%
7sa
56%
10ti
56%
10dis
50%
7sèt
50%
6sis
50%
3tre
50%
2trr'e
50%
8uit
50%
4fo
44%
9ni
44%
6seks
44%
2tu
44%
9nèf
38%
2sin
38%
10tin
38%
3twa
38%
4va
38%
2bi
31%
5fem
31%
4fire
31%
9gu
31%
4kat
31%
2mbili
31%
Africa: Swahili 1moja
31%
6ono
31%
8otte
31%
6sei
31%
5senk
31%
Europe: Basque 1bat
25%
9bederatzi
25%
5bost
25%
9ciwa
25%
3dri
25%
Oceania: Fijian 1dua
25%
10hamar
25%
3hiru
25%
10kumi
25%
4lau
25%
5lima
25%
8nane
25%
4nne
25%
2rua
25%
7saba
25%
6sita
25%
3sum
25%
5tano
25%
3tatu
25%
10tini
25%
9tisa
25%
3tolu
25%
7vitu
25%
8walu
25%
South America: Sranan Tongo 1wan
25%
7zazpi
25%
8zortzi
25%
8aiti
19%
Asia: Dzongkha 1chi
19%
5feifi
19%
7galiquogi
19%
5hisgi
19%
3krad
19%
9neigi
19%
4nvgi
19%
6sdis
19%
7seibi
19%
10sgohi
19%
6siksi
19%
9sonela
19%
North America: Cherokee 1sowo
19%
6sudali
19%
7syv
19%
2tali
19%
8tam
19%
4tawa
19%
3tsoi
19%
8tsunela
19%
9tza
19%
Africa: Tamazight 1yan
19%
10chunka
13%
10chu tham
13%
6dru
13%
7duen
13%
8gay
13%
2iskay
13%
9isqon
13%
South America: Ayacucho Quechua 1juq
13%
7k'anchis
13%
3kinsa
13%
2kutjara
13%
3mankurpa
13%
9nainpa
13%
5nga
13%
2nyi
13%
5paipa
13%
5pichq'a
13%
8pusac
13%
4puupala
13%
6soqta
13%
7tiapanpa
13%
10tiinpa
13%
6tjikitji
13%
4zhi
13%
4aarrpaa
6%
6ishtaa
6%
Asia: Assyrian Neo-Aramaic 1khaa
6%
5khaamshaa
6%
4kouz
6%
Oceania: Pitjantjatjara 1kutju
6%
10mzaw
6%
9oochaa
6%
7shaawaa
6%
5smmous
6%
3'td'laa
6%
8tmenya
6%
10usrra
6%
North America: Haitian Creole 1youn
6%

Score Distribution

Percentile by Number Answered

Percent of People with Each Score

Your Score History

You have not taken this quiz